| 000 | 00000nam##2200000za#4500 |
| 001 | 9.570624 |
| 003 | CaOODSP |
| 005 | 20220623092434 |
| 007 | cr ||||||||||| |
| 008 | 150406|2000||||xxc|||||o f|0| 0 eng|d |
| 040 | |aCaOODSP|beng |
| 043 | |an-cn--- |
| 086 | 1 |aC21-23/26-2000E-PDF |
| 110 | 1 |aCanada. |bIndustry Canada. |
| 245 | 10|aSMEs, exports and job creation - a firm-level analysis : |h[electronic resource]|boccasional paper number 26, December 2000 / |cby Élisabeth Lefebvre and Louis A. Lefebvre. |
| 260 | |aOttawa - Ontario : |bIndustry Canada |cDecember 2000. |
| 300 | |a69p.|bfig., tables |
| 490 | 1 |aOccasional paper|vNo. 26 |
| 500 | |aThe catalogue number (C21-23/26-2000) and ISBN (0-662-65094-8) for the bilingual print edition have been incorrectly copied in this electronic publication. |
| 504 | |aBibliography. |
| 590 | |a11-09-Supp|b2011-06-30 |
| 720 | 1 |aLefebvre, Louis A. |
| 720 | 1 |aLefebvre, Elisabeth |
| 775 | 08|tLes PME, l'exportation et la création d'emploi : une analyse au niveau de l'entreprise : |w(CaOODSP)9.601272 |
| 776 | 0#|tSMEs, exports and job creation : |w(CaOODSP)9.533978 |
| 776 | 0#|tLes PME, l'exportation et la création d'emploi : |w(CaOODSP)9.533979 |
| 830 | #0|aOccasional paper (Canada. Industry Canada)|vNo. 26|w(CaOODSP)9.504752 |
| 856 | 40|ahttp://publications.gc.ca|qPDF|s260 KB|uhttps://publications.gc.ca/collections/Collection/C21-23-26-2000E.pdf|yNo. 26 |